| 000 | 00497nam a2200193Ia 4500 | ||
|---|---|---|---|
| 003 | 0100 | ||
| 005 | 20150413115048.0 | ||
| 008 | 130303s9999 xx 000 0 und d | ||
| 040 | _cARRUPELIB | ||
| 050 | _aPR9408.M3L3R8 | ||
| 100 |
_aLaabi, Abdellatif _916615 |
||
| 245 | _aRue du Retour | ||
| 260 | _aLondon | ||
| 260 |
_bReaders international _c1982 |
||
| 300 | _a180p.21cm | ||
| 650 |
_bReligion and science- 1946- _916616 |
||
| 700 |
_aAbdellatif Laabi _916617 |
||
| 942 |
_2lcc _cMONOGRAPH |
||
| 999 |
_c21400 _d21400 |
||